00910nam a22002417a 45000010005000000030006000050050017000110080041000280200018000690400029000870500014001160820010001301000019001402450103001592600037002623000048002995050008003475200215003555210021005705210020005916500027006117000030006385527FISKH20241216143117.0241216b cb ||||| |||| 00| 0 eng d a9780545484206 aFISKHbengcFISKHdFISKH aTX355.T48 a641.3 aThornhill, Jan aWho wants pizza? :bthe kids' guide to the history, science & culture of food / cby Jan Thornhill aNew York : bScholastic ;c2010. a62 pages : bcolor illustrations ;c27 cm . aZ  aDiscusses the history of food, from early hunter-gatherers and domesticating animals for food to the science behind food preservation, produce cultivation, artificial flavor enhancers, and genetic modification.8 a1110 bLexile 8 aZ bRaz-Plus  aclassroomvnon-fiction aThornhill, JaneDesigner